[Event "DSJ Weihnachtsturnier U16: Lasker 2020"]
[Site ""]
[Date "2020.12.28"]
[Round "1"]
[White "Hofmann, Benjamin"]
[Black "Vervay, Leon"]
[Result "1-0"]
[Termination "normal"]
[Board "8.4"]
[WhiteElo "1489"]
[BlackElo "1004"]
[WhiteTeam "Schachgesellschaft Bochum 1931"]
[BlackTeam "Bielefelder Schachklub von 1883"]
[PlyCount "83"]
[WhiteFideId "16270266"]
[EventRounds "7"]
[EventType "team-swiss"]
[EventDate "2020.12.28"]

1. e4 {[%emt 0:00:06]} e5 {[%emt 0:00:06]} 2. Nf3 {[%emt 0:00:02]} Nc6 { [%emt
0:00:03]} 3. Bc4 {[%emt 0:00:03]} Bc5 {[%emt 0:00:09]} 4. c3 {[%emt 0:00:02]}
Nf6 {[%emt 0:00:08]} 5. d3 {[%emt 0:00:02]} O-O {[%emt 0:00:03]} 6. b4 { [%emt
0:00:04]} Bb6 {[%emt 0:00:16]} 7. a4 {[%emt 0:00:04]} a5 {[%emt 0:00:06]} 8. b5
{[%emt 0:00:04]} Na7 {[%emt 0:00:09]} 9. O-O {[%emt 0:00:05]} d5 { [%emt
0:00:12]} 10. exd5 {[%emt 0:00:10]} Nxd5 {[%emt 0:00:16]} 11. Nxe5 { [%emt
0:00:25]} Qd6 {[%emt 0:00:30]} 12. d4 {[%emt 0:00:08]} c6 {[%emt 0:00:37] } 13.
Ba3 {[%emt 0:00:16]} c5 {[%emt 0:00:33]} 14. Qf3 {[%emt 0:00:21]} Bc7 { [%emt
0:00:20]} 15. Bxc5 {[%emt 0:00:07]} Qh6 {[%emt 0:00:04]} 16. Bxd5 { [%emt
0:00:17]} Be6 {[%emt 0:01:14]} 17. Bxe6 {[%emt 0:00:13]} fxe6 {[%emt 0:00:02]}
18. Bxf8 {[%emt 0:00:09]} Rxf8 {[%emt 0:00:08]} 19. Qxb7 {[%emt 0:00:16]} Rf7
{[%emt 0:00:14]} 20. Qa8+ {[%emt 0:00:11]} Rf8 {[%emt 0:00:20]} 21. Qxa7 {[%emt
0:00:10]} Rf7 {[%emt 0:00:06]} 22. Qa8+ {[%emt 0:00:14]} Rf8 { [%emt 0:00:07]}
23. Qc6 {[%emt 0:00:08]} Rf7 {[%emt 0:00:15]} 24. b6 {[%emt 0:00:07]} Bb8
{[%emt 0:00:09]} 25. g3 {[%emt 0:00:12]} Bxe5 {[%emt 0:00:18]} 26. dxe5 {[%emt
0:00:04]} g6 {[%emt 0:00:05]} 27. b7 {[%emt 0:00:05]} Rf8 {[%emt 0:00:18]} 28.
Qxe6+ {[%emt 0:00:05]} Kh8 {[%emt 0:00:15]} 29. Na3 {[%emt 0:00:09] } Qg7
{[%emt 0:00:03]} 30. Rab1 {[%emt 0:00:05]} Rb8 {[%emt 0:00:07]} 31. Qc8+ {[%emt
0:00:14]} Rxc8 {[%emt 0:00:24]} 32. bxc8=Q+ {[%emt 0:00:06]} Qg8 { [%emt
0:00:11]} 33. Qxg8+ {[%emt 0:00:04]} Kxg8 {[%emt 0:00:01]} 34. Rfe1 { [%emt
0:00:01]} Kf7 {[%emt 0:00:02]} 35. e6+ {[%emt 0:00:01]} Ke7 {[%emt 0:00:02]}
36. Rb7+ {[%emt 0:00:02]} Ke8 {[%emt 0:00:02]} 37. e7 {[%emt 0:00:04]} Kf7
{[%emt 0:00:05]} 38. e8=Q+ {[%emt 0:00:09]} Kf6 {[%emt 0:00:01]} 39. Qe7+ {
[%emt 0:00:02]} Kf5 {[%emt 0:00:02]} 40. Re5+ {[%emt 0:00:01]} Kg4 {[%emt
0:00:02]} 41. Qg5+ {[%emt 0:00:02]} Kh3 {[%emt 0:00:02]} 42. Qh4# {[%emt
0:00:01]} 1-0

[Event "DSJ Weihnachtsturnier U16: Lasker 2020"]
[Site ""]
[Date "2020.12.28"]
[Round "1"]
[White "Fuhrmann, Bahne"]
[Black "Ramien, Hannah"]
[Result "1-0"]
[Termination "normal"]
[Board "9.1"]
[WhiteElo "1849"]
[BlackElo "1396"]
[WhiteTeam "Hamburger SK von 1830 2"]
[BlackTeam "Schachgemeinschaft Porz 2"]
[PlyCount "49"]
[WhiteFideId "16244842"]
[BlackFideId "16209982"]
[EventRounds "7"]
[EventType "team-swiss"]
[EventDate "2020.12.28"]

1. e4 {[%emt 0:00:00]} e5 {[%emt 0:00:17]} 2. Nf3 {[%emt 0:00:05] Porz7-001
reconnected.} Nc6 {[%emt 0:00:57]} 3. Bc4 {[%emt 0:00:05]} Nf6 {[%emt 0:00:03]}
4. d3 {[%emt 0:00:06]} Be7 {[%emt 0:00:03]} 5. c3 {[%emt 0:00:02]} O-O { [%emt
0:00:07]} 6. O-O {[%emt 0:00:02]} d6 {[%emt 0:00:02]} 7. Nbd2 {[%emt 0:00:09]}
a6 {[%emt 0:00:05]} 8. Bb3 {[%emt 0:00:04]} h6 {[%emt 0:00:16]} 9. Re1 {[%emt
0:00:04]} Bg4 {[%emt 0:00:04]} 10. Nf1 {[%emt 0:00:03]} Qd7 {[%emt 0:00:32]}
11. Ng3 {[%emt 0:00:05]} Rfe8 {[%emt 0:00:30]} 12. h3 {[%emt 0:00:07]} Be6
{[%emt 0:00:14]} 13. d4 {[%emt 0:00:13]} exd4 {[%emt 0:00:39]} 14. cxd4 { [%emt
0:00:00]} Bf8 {[%emt 0:00:56]} 15. d5 {[%emt 0:00:13]} Bxd5 {[%emt 0:00:38]}
16. exd5 {[%emt 0:00:10]} Ne7 {[%emt 0:00:27]} 17. Qd4 {[%emt 0:00:17]} Ng6
{[%emt 0:00:34]} 18. Bxh6 {[%emt 0:00:54]} gxh6 {[%emt 0:00:45]} 19. Qxf6 {
[%emt 0:00:33]} Bg7 {[%emt 0:00:03]} 20. Qf5 {[%emt 0:00:04]} Qd8 {[%emt
0:00:11]} 21. Nh5 {[%emt 0:00:39]} Bxb2 {[%emt 0:00:23]} 22. Rab1 {[%emt
0:00:13]} Bc3 {[%emt 0:00:14]} 23. Rxe8+ {[%emt 0:00:39]} Qxe8 {[%emt 0:00:07]}
24. Qf6 { [%emt 0:00:28]} Kf8 {[%emt 0:00:29]} 25. Qxc3 {[%emt 0:00:08]} 1-0

[Event "DSJ Weihnachtsturnier U16: Lasker 2020"]
[Site ""]
[Date "2020.12.28"]
[Round "1"]
[White "Kazimov, Alis"]
[Black "Kort, Felix"]
[Result "0-1"]
[Termination "normal"]
[Board "9.2"]
[WhiteElo "1341"]
[BlackElo "1850"]
[WhiteTeam "Schachgemeinschaft Porz 2"]
[BlackTeam "Hamburger SK von 1830 2"]
[PlyCount "100"]
[WhiteFideId "16255348"]
[BlackFideId "16220129"]
[EventRounds "7"]
[EventType "team-swiss"]
[EventDate "2020.12.28"]

1. e4 {[%emt 0:00:06]} e5 {[%emt 0:00:03]} 2. Nf3 {[%emt 0:00:03]} Nc6 { [%emt
0:00:02]} 3. Be2 {[%emt 0:00:06]} Nf6 {[%emt 0:00:05]} 4. Nc3 {[%emt 0:00:06]}
Bc5 {[%emt 0:00:09]} 5. Nxe5 {[%emt 0:01:04]} Nxe5 {[%emt 0:00:48]} 6. d4
{[%emt 0:00:14]} Bxd4 {[%emt 0:00:24]} 7. Qxd4 {[%emt 0:00:08]} d6 {[%emt
0:00:16]} 8. O-O {[%emt 0:02:09]} O-O {[%emt 0:00:21]} 9. Bg5 {[%emt 0:00:35]}
h6 {[%emt 0:01:05]} 10. Bh4 {[%emt 0:00:18]} g5 {[%emt 0:01:34]} 11. Bg3 {[%emt
0:00:37]} Re8 {[%emt 0:00:21]} 12. f4 {[%emt 0:01:39]} Nc6 {[%emt 0:00:59]} 13.
Qe3 {[%emt 0:00:12]} g4 {[%emt 0:00:55]} 14. f5 {[%emt 0:00:47]} Kg7 {[%emt
0:01:05]} 15. Bh4 {[%emt 0:00:10]} Ne5 {[%emt 0:00:15]} 16. Qg3 {[%emt
0:01:17]} Nh5 {[%emt 0:01:24]} 17. Bxd8 {[%emt 0:00:53]} Nxg3 {[%emt 0:00:03]}
18. hxg3 { [%emt 0:00:00]} Rxd8 {[%emt 0:00:03]} 19. Nd5 {[%emt 0:00:06]} c6
{[%emt 0:00:21]} 20. Ne3 {[%emt 0:00:02]} h5 {[%emt 0:00:03]} 21. Nc4 {[%emt
0:00:04]} f6 { [%emt 0:00:11]} 22. Nxe5 {[%emt 0:00:03]} dxe5 {[%emt 0:00:00]}
23. Rad1 { [%emt 0:00:01]} Bd7 {[%emt 0:00:12]} 24. Bc4 {[%emt 0:00:02]} Be8
{[%emt 0:00:02]} 25. Be6 {[%emt 0:00:04]} Bf7 {[%emt 0:00:02]} 26. Bxf7 {[%emt
0:00:02]} Kxf7 {[%emt 0:00:00]} 27. Kf2 {[%emt 0:00:01]} Ke7 {[%emt 0:00:03]
Porz7-002 offers a draw} 28. Ke2 {[%emt 0:00:02]} Rd4 {[%emt 0:00:05]} 29. Rxd4
{[%emt 0:00:02]} exd4 {[%emt 0:00:00]} 30. Rd1 {[%emt 0:00:03]} Rd8 {[%emt
0:00:03]} 31. Kd3 {[%emt 0:00:02]} c5 {[%emt 0:00:01]} 32. Kc4 {[%emt 0:00:01]}
b6 {[%emt 0:00:02]} 33. c3 {[%emt 0:00:01]} dxc3 {[%emt 0:00:06]} 34. Rxd8
{[%emt 0:00:02]} Kxd8 {[%emt 0:00:00]} 35. Kxc3 {[%emt 0:00:02]} Kd7 {[%emt
0:00:01]} 36. Kc4 { [%emt 0:00:01]} Kd6 {[%emt 0:00:04]} 37. b3 {[%emt
0:00:03]} a6 {[%emt 0:00:02] } 38. a4 {[%emt 0:00:04]} Ke5 {[%emt 0:00:03]} 39.
Kd3 {[%emt 0:00:01]} b5 { [%emt 0:00:03]} 40. b4 {[%emt 0:00:00]} cxb4 {[%emt
0:00:04]} 41. axb5 { [%emt 0:00:00]} axb5 {[%emt 0:00:01]} 42. Kc2 {[%emt
0:00:04]} Kxe4 {[%emt 0:00:00]} 43. Kb3 {[%emt 0:00:00]} Kxf5 {[%emt 0:00:00]}
44. Kxb4 {[%emt 0:00:00] } Ke4 {[%emt 0:00:00]} 45. Kxb5 {[%emt 0:00:00]} f5
{[%emt 0:00:00]} 46. Kc6 { [%emt 0:00:00]} Ke3 {[%emt 0:00:00]} 47. Kd6 {[%emt
0:00:00]} Kf2 {[%emt 0:00:01]} 48. Ke5 {[%emt 0:00:00]} Kxg3 {[%emt 0:00:01]}
49. Kxf5 {[%emt 0:00:00]} h4 {[%emt 0:00:01]} 50. Kg5 {[%emt 0:00:00]} h3
{[%emt 0:00:01]} 0-1

[Event "DSJ Weihnachtsturnier U16: Lasker 2020"]
[Site ""]
[Date "2020.12.28"]
[Round "1"]
[White "Genov, Valentin"]
[Black "Rath, Mark"]
[Result "1-0"]
[Termination "normal"]
[Board "9.3"]
[WhiteTitle "CM"]
[WhiteElo "1826"]
[BlackElo "1184"]
[WhiteTeam "Hamburger SK von 1830 2"]
[BlackTeam "Schachgemeinschaft Porz 2"]
[PlyCount "55"]
[WhiteFideId "2919745"]
[EventRounds "7"]
[EventType "team-swiss"]
[EventDate "2020.12.28"]

1. d4 {[%emt 0:00:06]} d5 {[%emt 0:00:02]} 2. c4 {[%emt 0:00:01]} e6 {[%emt
0:00:07]} 3. Nc3 {[%emt 0:00:04]} Bb4 {[%emt 0:00:06]} 4. Nf3 {[%emt 0:00:13]}
Nc6 {[%emt 0:00:07]} 5. a3 {[%emt 0:00:27]} Bxc3+ {[%emt 0:00:12]} 6. bxc3 {
[%emt 0:00:04]} Nf6 {[%emt 0:00:03]} 7. Bg5 {[%emt 0:00:04]} dxc4 {[%emt
0:00:16]} 8. e4 {[%emt 0:00:47]} Qd7 {[%emt 0:01:08]} 9. Bxf6 {[%emt 0:00:26]}
gxf6 {[%emt 0:00:04]} 10. Bxc4 {[%emt 0:00:02]} b6 {[%emt 0:00:08]} 11. O-O {
[%emt 0:00:34]} Bb7 {[%emt 0:00:08]} 12. Re1 {[%emt 0:00:12]} O-O-O {[%emt
0:00:10]} 13. Qe2 {[%emt 0:00:24]} e5 {[%emt 0:01:04]} 14. Rad1 {[%emt
0:01:02]} Qe7 {[%emt 0:00:19]} 15. a4 {[%emt 0:00:28]} Qa3 {[%emt 0:00:46]} 16.
Bb5 { [%emt 0:00:19]} Qxc3 {[%emt 0:00:39]} 17. Rc1 {[%emt 0:00:03]} Qa3 {[%emt
0:00:54]} 18. Bxc6 {[%emt 0:00:31]} Bxc6 {[%emt 0:00:03]} 19. Rxc6 {[%emt
0:00:01]} Qxa4 {[%emt 0:00:06]} 20. Rec1 {[%emt 0:00:01]} Rd7 {[%emt 0:00:34]}
21. dxe5 { [%emt 0:00:02]} fxe5 {[%emt 0:00:02]} 22. Nxe5 {[%emt 0:00:01]} Re7
{[%emt 0:00:05]} 23. Qg4+ {[%emt 0:00:11]} Kb7 {[%emt 0:00:23]} 24. Qg7 {[%emt
0:00:51]} Rd8 {[%emt 0:00:09]} 25. Qg4 {[%emt 0:00:37]} Rxe5 {[%emt 0:00:04]}
26. Rxc7+ { [%emt 0:00:01]} Ka6 {[%emt 0:00:07]} 27. Qe2+ {[%emt 0:00:08]} Qb5
{[%emt 0:00:07]} 28. Ra1# {[%emt 0:00:03]} 1-0

[Event "DSJ Weihnachtsturnier U16: Lasker 2020"]
[Site ""]
[Date "2020.12.28"]
[Round "1"]
[White "Parladi, Berk"]
[Black "Müller, Linus"]
[Result "0-1"]
[Termination "normal"]
[Board "9.4"]
[WhiteElo "1113"]
[BlackElo "1578"]
[WhiteTeam "Schachgemeinschaft Porz 2"]
[BlackTeam "Hamburger SK von 1830 2"]
[PlyCount "64"]
[BlackFideId "16245946"]
[EventRounds "7"]
[EventType "team-swiss"]
[EventDate "2020.12.28"]

1. d4 {[%emt 0:00:30]} Nf6 {[%emt 0:00:05]} 2. c4 {[%emt 0:00:21] HSK04-004
reconnected.} e6 {[%emt 0:00:14]} 3. Nc3 {[%emt 0:00:03]} Bb4 { [%emt 0:00:02]}
4. Qb3 {[%emt 0:00:06]} Bxc3+ {[%emt 0:00:04]} 5. Qxc3 { [%emt 0:00:01]} b6
{[%emt 0:00:50]} 6. Nf3 {[%emt 0:00:09]} d5 {[%emt 0:00:17]} 7. e3 {[%emt
0:00:09]} Nbd7 {[%emt 0:00:08]} 8. Be2 {[%emt 0:00:10]} c5 { [%emt 0:00:20]} 9.
O-O {[%emt 0:00:05]} Bb7 {[%emt 0:00:03]} 10. b3 {[%emt 0:00:08]} O-O {[%emt
0:00:06]} 11. Bb2 {[%emt 0:00:04]} Rc8 {[%emt 0:00:06]} 12. Rac1 {[%emt
0:00:02]} Qe7 {[%emt 0:01:02]} 13. Rfd1 {[%emt 0:00:35]} Rfd8 { [%emt 0:00:16]
HSK04-004 reconnected.} 14. dxc5 {[%emt 0:00:09]} Nxc5 {[%emt 0:00:20]} 15. Bd3
{[%emt 0:00:42]} Nxd3 {[%emt 0:00:36]} 16. Rxd3 {[%emt 0:00:14] } dxc4 {[%emt
0:00:20]} 17. Rxd8+ {[%emt 0:00:09]} Rxd8 {[%emt 0:00:21]} 18. bxc4 {[%emt
0:00:35]} Qd6 {[%emt 0:00:28]} 19. Re1 {[%emt 0:00:38]} Qc5 { [%emt 0:00:49]}
20. e4 {[%emt 0:00:21]} a6 {[%emt 0:01:58]} 21. g4 {[%emt 0:00:09]} h6 {[%emt
0:00:16]} 22. h4 {[%emt 0:00:05]} e5 {[%emt 0:00:12]} 23. Nxe5 { [%emt
0:00:35]} Nxe4 {[%emt 0:00:05]} 24. Rxe4 {[%emt 0:00:08]} Rd1+ {[%emt 0:00:44]}
25. Re1 {[%emt 0:00:30]} Rxe1+ {[%emt 0:00:05]} 26. Qxe1 {[%emt 0:00:05]} f6
{[%emt 0:00:02]} 27. Nd7 {[%emt 0:00:15]} Qc6 {[%emt 0:00:07]} 28. Qe8+ {[%emt
0:00:09]} Kh7 {[%emt 0:00:02]} 29. Nf8+ {[%emt 0:00:17]} Kg8 {[%emt 0:00:06]}
30. Ng6+ {[%emt 0:02:11]} Qxe8 {[%emt 0:00:05]} 31. Nf4 {[%emt 0:00:27] } Qc6
{[%emt 0:00:04]} 32. h5 {[%emt 0:00:06]} Qh1# {[%emt 0:00:02]} 0-1

[Event "DSJ Weihnachtsturnier U16: Lasker 2020"]
[Site ""]
[Date "2020.12.28"]
[Round "1"]
[White "Pougin, Elias"]
[Black "Wiedenbruch, Paul"]
[Result "1-0"]
[Termination "normal"]
[Board "10.1"]
[WhiteElo "1838"]
[BlackElo "1894"]
[WhiteTeam "Schachfreunde Gern"]
[BlackTeam "Düsseldorfer Schachklub 14/25"]
[PlyCount "125"]
[WhiteFideId "16263251"]
[BlackFideId "16207343"]
[EventRounds "7"]
[EventType "team-swiss"]
[EventDate "2020.12.28"]

1. c4 {[%emt 0:00:04]} e6 {[%emt 0:00:08]} 2. g3 {[%emt 0:00:04]} d5 {[%emt
0:00:07]} 3. Bg2 {[%emt 0:00:06]} Nf6 {[%emt 0:00:19]} 4. Nf3 {[%emt 0:00:08]}
Be7 {[%emt 0:00:02]} 5. O-O {[%emt 0:00:02]} O-O {[%emt 0:00:05] SF-Gern1-001
reconnected.} 6. b3 {[%emt 0:00:51]} Nbd7 {[%emt 0:00:35]} 7. d4 {[%emt
0:00:13]} c5 {[%emt 0:00:14]} 8. cxd5 {[%emt 0:00:36]} Nxd5 {[%emt 0:00:04]} 9.
Bb2 {[%emt 0:00:10]} b6 {[%emt 0:00:10]} 10. Nbd2 {[%emt 0:00:48]} Bb7 {[%emt
0:00:02]} 11. Rc1 {[%emt 0:00:11]} Rc8 {[%emt 0:00:03]} 12. dxc5 {[%emt
0:00:05]} Nxc5 {[%emt 0:00:11]} 13. Nc4 {[%emt 0:00:40]} Bf6 {[%emt 0:00:10]}
14. Bxf6 { [%emt 0:00:15]} Qxf6 {[%emt 0:00:03]} 15. Nd6 {[%emt 0:00:06]} Rb8
{[%emt 0:00:29]} 16. Nxb7 {[%emt 0:00:38]} Rxb7 {[%emt 0:00:04]} 17. Qc2 {[%emt
0:00:16]} Rc7 {[%emt 0:00:10]} 18. Qb1 {[%emt 0:00:17]} Rfc8 {[%emt 0:00:03]}
19. Rfd1 { [%emt 0:00:11]} a5 {[%emt 0:00:11]} 20. Nd4 {[%emt 0:00:16]} Ne7
{[%emt 0:00:49]} 21. Nb5 {[%emt 0:00:14]} Rd7 {[%emt 0:00:17]} 22. Rxd7 {[%emt
0:00:23]} Nxd7 {[%emt 0:00:02]} 23. Rxc8+ {[%emt 0:00:01]} Nxc8 {[%emt
0:00:01]} 24. Qc1 {[%emt 0:00:39]} Nc5 {[%emt 0:00:23]} 25. a3 {[%emt 0:00:19]}
Qd8 {[%emt 0:01:27]} 26. b4 {[%emt 0:00:14]} axb4 {[%emt 0:00:04]} 27. axb4
{[%emt 0:00:01]} Na6 {[%emt 0:00:01]} 28. Bb7 {[%emt 0:00:07]} Nxb4 {[%emt
0:02:14]} 29. Qxc8 { [%emt 0:00:05]} Qxc8 {[%emt 0:00:09]} 30. Bxc8 {[%emt
0:00:01]} Kf8 {[%emt 0:00:16]} 31. Bb7 {[%emt 0:00:10]} Ke7 {[%emt 0:00:02]}
32. Kf1 {[%emt 0:00:02]} Kd7 {[%emt 0:00:07]} 33. Ke1 {[%emt 0:00:13]} Nc6
{[%emt 0:00:01]} 34. Bxc6+ { [%emt 0:00:16]} Kxc6 {[%emt 0:00:02]} 35. Nc3
{[%emt 0:00:01]} f6 {[%emt 0:00:07]} 36. Kd2 {[%emt 0:00:01]} Kc5 {[%emt
0:00:01]} 37. Kd3 {[%emt 0:00:08]} b5 {[%emt 0:00:03]} 38. e4 {[%emt 0:00:02]}
b4 {[%emt 0:00:06]} 39. Na4+ {[%emt 0:00:02]} Kb5 {[%emt 0:00:04]} 40. Nb2
{[%emt 0:00:02]} Kc5 {[%emt 0:00:07]} 41. f4 {[%emt 0:00:05]} h5 {[%emt
0:00:09]} 42. h3 {[%emt 0:00:08]} g6 {[%emt 0:00:06]} 43. g4 {[%emt 0:00:12]}
hxg4 {[%emt 0:00:09]} 44. hxg4 {[%emt 0:00:00]} f5 {[%emt 0:00:11]} 45. gxf5
{[%emt 0:00:17]} gxf5 {[%emt 0:00:02]} 46. exf5 { [%emt 0:00:26]} exf5 {[%emt
0:00:04]} 47. Ke3 {[%emt 0:00:29]} Kd5 {[%emt 0:00:50]} 48. Nd3 {[%emt
0:00:16]} b3 {[%emt 0:00:02]} 49. Nb2 {[%emt 0:00:02]} Kc5 {[%emt 0:00:06]} 50.
Kd3 {[%emt 0:00:03]} Kd5 {[%emt 0:00:03]} 51. Na4 { [%emt 0:00:13]} Ke6 {[%emt
0:00:11]} 52. Kc4 {[%emt 0:00:07]} Kd6 {[%emt 0:00:06]} 53. Kd4 {[%emt
0:00:04]} Ke6 {[%emt 0:00:05]} 54. Kc5 {[%emt 0:00:01]} Kf6 {[%emt 0:00:09]}
55. Kd6 {[%emt 0:00:01]} Kg6 {[%emt 0:00:02]} 56. Ke6 { [%emt 0:00:01]} Kh5
{[%emt 0:00:00]} 57. Kxf5 {[%emt 0:00:01]} Kh6 {[%emt 0:00:01]} 58. Kf6 {[%emt
0:00:02]} Kh7 {[%emt 0:00:02]} 59. Nb2 {[%emt 0:00:02]} Kh6 {[%emt 0:00:01]}
60. f5 {[%emt 0:00:01]} Kh7 {[%emt 0:00:01]} 61. Ke7 {[%emt 0:00:01]} Kg8
{[%emt 0:00:01]} 62. f6 {[%emt 0:00:01]} Kh7 {[%emt 0:00:01]} 63. f7 {[%emt
0:00:01]} 1-0

[Event "DSJ Weihnachtsturnier U16: Lasker 2020"]
[Site ""]
[Date "2020.12.28"]
[Round "1"]
[White "Rudolph, Eva"]
[Black "Ajdari, Ardian"]
[Result "1/2-1/2"]
[Termination "normal"]
[Board "10.2"]
[WhiteElo "1860"]
[BlackElo "1560"]
[WhiteTeam "Düsseldorfer Schachklub 14/25"]
[BlackTeam "Schachfreunde Gern"]
[PlyCount "78"]
[WhiteFideId "16200594"]
[BlackFideId "34603662"]
[EventRounds "7"]
[EventType "team-swiss"]
[EventDate "2020.12.28"]

1. e4 {[%emt 0:00:06]} e5 {[%emt 0:01:24]} 2. Nf3 {[%emt 0:00:03]} Nc6 { [%emt
0:00:02]} 3. d4 {[%emt 0:00:04]} exd4 {[%emt 0:00:01]} 4. Nxd4 {[%emt 0:00:01]}
Nf6 {[%emt 0:00:02]} 5. Nc3 {[%emt 0:00:03]} Bb4 {[%emt 0:00:08]} 6. Nxc6
{[%emt 0:00:02]} bxc6 {[%emt 0:00:03]} 7. Bd3 {[%emt 0:00:01]} O-O { [%emt
0:00:02]} 8. O-O {[%emt 0:00:07]} Bxc3 {[%emt 0:00:08]} 9. bxc3 {[%emt
0:00:06]} h6 {[%emt 0:00:02]} 10. e5 {[%emt 0:00:16]} Nd5 {[%emt 0:00:05]} 11.
Bd2 {[%emt 0:00:51]} Re8 {[%emt 0:00:07]} 12. Re1 {[%emt 0:00:28]} d6 {[%emt
0:00:21]} 13. Qh5 {[%emt 0:00:26]} dxe5 {[%emt 0:00:39]} 14. Rxe5 {[%emt
0:00:15] } Nf6 {[%emt 0:00:13]} 15. Rxe8+ {[%emt 0:00:24]} Qxe8 {[%emt
0:00:00]} 16. Qf3 {[%emt 0:00:21]} Bg4 {[%emt 0:00:03]} 17. Qg3 {[%emt
0:00:10]} Qd7 {[%emt 0:00:16]} 18. h3 {[%emt 0:00:13]} Bh5 {[%emt 0:00:41]} 19.
Bxh6 {[%emt 0:00:23]} Bg6 {[%emt 0:00:23]} 20. Bg5 {[%emt 0:00:56]} Ne4 {[%emt
0:00:19]} 21. Bxe4 { [%emt 0:00:35]} Bxe4 {[%emt 0:00:02]} 22. Bf6 {[%emt
0:00:06]} Bg6 {[%emt 0:00:14]} 23. Be5 {[%emt 0:00:02]} Qd2 {[%emt 0:00:23]}
24. Bxc7 {[%emt 0:00:27]} Re8 {[%emt 0:00:20]} 25. Be5 {[%emt 0:00:20]} Qxc2
{[%emt 0:00:05]} 26. f4 { [%emt 0:00:21]} f6 {[%emt 0:00:07]} 27. Bd4 {[%emt
0:00:14]} Qb2 {[%emt 0:00:07]} 28. Re1 {[%emt 0:00:10]} Rxe1+ {[%emt 0:00:08]}
29. Qxe1 {[%emt 0:00:01]} Qxa2 {[%emt 0:00:04]} 30. Qe7 {[%emt 0:00:10]} Qb1+
{[%emt 0:00:00]} 31. Kh2 { [%emt 0:00:05]} a5 {[%emt 0:00:11]} 32. Qd8+ {[%emt
0:00:03]} Kh7 {[%emt 0:00:05]} 33. Qxa5 {[%emt 0:00:04]} Be4 {[%emt 0:00:28]}
34. Qh5+ {[%emt 0:00:06]} Kg8 {[%emt 0:00:03]} 35. Qe8+ {[%emt 0:00:02]} Kh7
{[%emt 0:00:01]} 36. Qh5+ { [%emt 0:00:08]} Kg8 {[%emt 0:00:02] SF-Gern1-002
offers a draw} 37. Qg4 { [%emt 0:00:12]} Kf7 {[%emt 0:00:46]} 38. Qd7+ {[%emt
0:00:06]} Kg8 {[%emt 0:00:10]} 39. Qe8+ {[%emt 0:00:09]} Kh7 {[%emt 0:00:02]
DuessSK2-002 offers a draw} 1/2-1/2

[Event "DSJ Weihnachtsturnier U16: Lasker 2020"]
[Site ""]
[Date "2020.12.28"]
[Round "1"]
[White "Krstovic, Marko"]
[Black "Shaik, Zhafar"]
[Result "1-0"]
[Termination "normal"]
[Board "10.4"]
[WhiteElo "1455"]
[BlackElo "833"]
[WhiteTeam "Düsseldorfer Schachklub 14/25"]
[BlackTeam "Schachfreunde Gern"]
[PlyCount "107"]
[WhiteFideId "16278003"]
[BlackFideId "34645071"]
[EventRounds "7"]
[EventType "team-swiss"]
[EventDate "2020.12.28"]

1. d4 {[%emt 0:00:03]} d5 {[%emt 0:00:04]} 2. c4 {[%emt 0:00:03]} Nf6 {[%emt
0:00:04]} 3. cxd5 {[%emt 0:00:05]} Nxd5 {[%emt 0:00:01]} 4. Nc3 {[%emt
0:00:02]} Nxc3 {[%emt 0:00:06]} 5. bxc3 {[%emt 0:00:02]} b6 {[%emt 0:00:13]} 6.
Nf3 { [%emt 0:00:10]} Bb7 {[%emt 0:00:01]} 7. Bf4 {[%emt 0:00:05]} Nd7 {[%emt
0:00:10]} 8. e3 {[%emt 0:00:02]} e6 {[%emt 0:00:09]} 9. Be2 {[%emt 0:00:11]}
Ba3 { [%emt 0:00:23]} 10. Qb3 {[%emt 0:00:13]} Be7 {[%emt 0:00:15]} 11. O-O
{[%emt 0:00:04]} Bd5 {[%emt 0:00:09]} 12. c4 {[%emt 0:00:04]} Be4 {[%emt
0:00:06]} 13. Nd2 {[%emt 0:00:15]} Bb7 {[%emt 0:00:17]} 14. Rac1 {[%emt
0:00:17]} O-O { [%emt 0:00:11]} 15. Bf3 {[%emt 0:01:13]} Bxf3 {[%emt 0:00:20]}
16. Nxf3 { [%emt 0:00:03]} c5 {[%emt 0:00:02]} 17. Rfd1 {[%emt 0:00:33]} Qc8
{[%emt 0:01:04]} 18. h3 {[%emt 0:00:48]} cxd4 {[%emt 0:00:44]} 19. exd4 {[%emt
0:00:09]} Bf6 {[%emt 0:00:13]} 20. Bd6 {[%emt 0:00:23]} Rd8 {[%emt 0:00:22]}
21. Bc5 { [%emt 0:00:06]} Nxc5 {[%emt 0:00:05]} 22. dxc5 {[%emt 0:00:11]} Rxd1+
{[%emt 0:00:04]} 23. Rxd1 {[%emt 0:00:02]} bxc5 {[%emt 0:00:03]} 24. Qd3 {[%emt
0:00:24] } a5 {[%emt 0:00:17]} 25. Kf1 {[%emt 0:00:36]} h6 {[%emt 0:00:22]} 26.
Qd7 { [%emt 0:01:02]} Qxd7 {[%emt 0:00:20]} 27. Rxd7 {[%emt 0:00:04]} Rb8
{[%emt 0:00:02]} 28. Rc7 {[%emt 0:00:17]} Rb1+ {[%emt 0:00:07]} 29. Ke2 {[%emt
0:00:04]} Ra1 {[%emt 0:00:03]} 30. Rxc5 {[%emt 0:00:19]} Rxa2+ {[%emt 0:00:02]}
31. Ke3 { [%emt 0:00:02]} Bd8 {[%emt 0:00:28]} 32. Rc8 {[%emt 0:00:07]} Ra3+
{[%emt 0:00:12]} 33. Ke2 {[%emt 0:00:28]} Ra2+ {[%emt 0:00:06]} 34. Nd2 {[%emt
0:00:02]} Kf8 {[%emt 0:00:29]} 35. Rxd8+ {[%emt 0:00:06]} Ke7 {[%emt 0:00:01]}
36. Ra8 { [%emt 0:00:06]} Kd6 {[%emt 0:00:04]} 37. Ra7 {[%emt 0:00:04]} f5
{[%emt 0:00:25]} 38. Rxg7 {[%emt 0:00:08]} Kc5 {[%emt 0:00:04]} 39. Rg6 {[%emt
0:00:19]} e5 {[%emt 0:00:02]} 40. Rxh6 {[%emt 0:00:02]} Kd4 {[%emt 0:00:01]}
41. Rd6+ { [%emt 0:00:09]} Kc3 {[%emt 0:00:07]} 42. Rd3+ {[%emt 0:00:05]} Kb4
{[%emt 0:00:07]} 43. Rd5 {[%emt 0:00:07]} Kc3 {[%emt 0:00:06]} 44. h4 {[%emt
0:00:15]} f4 { [%emt 0:00:12]} 45. h5 {[%emt 0:00:04]} e4 {[%emt 0:00:03]} 46.
h6 {[%emt 0:00:10]} f3+ {[%emt 0:00:02]} 47. gxf3 {[%emt 0:00:02]} exf3+ {[%emt
0:00:02]} 48. Ke3 {[%emt 0:00:06]} a4 {[%emt 0:00:07]} 49. h7 {[%emt 0:00:01]}
Kb4 {[%emt 0:00:14]} 50. h8=Q {[%emt 0:00:04]} Ra3+ {[%emt 0:00:02]} 51. Rd3
{[%emt 0:00:06] } Rxd3+ {[%emt 0:00:06]} 52. Kxd3 {[%emt 0:00:02]} a3 {[%emt
0:00:05]} 53. Qb8+ {[%emt 0:00:04]} Ka4 {[%emt 0:00:01]} 54. Qb5# {[%emt
0:00:06]} 1-0